000 00943nam a22003137a 4500
003 CHAP
005 20220329133935.0
008 971013s1981 r 00010 d
010 _a12982
011 _a13954
035 _a18027
040 _cCHAP
082 _a519.59
_bC3
100 0 0 _aCasiey, D. J.
_919822
245 _aData collection in developing countries
260 _aOxford :
_bClaredon,
_c1981
300 _a244 p.
590 _aBATCH-UPD
_b10
_c20130110
_lUCH01
_h1213
590 _aBATCH-UPD
_b10
_c20130410
_lUCH01
_h0751
590 _aBATCH-UPD
_b10
_c20130914
_lUCH01
_h0237
590 _aCONVERSION
_b10
_c20130109
_lUCH01
_h1308
650 1 4 _aAlmacenamiento y recuperación de la información.
_94462
650 1 4 _aCensos.
_920990
650 1 4 _aMuestreo estadístico.
_979288
700 0 _aLury, D. A.
_969187
901 _aBK
942 _cLIBRO
949 _a519.59 C3
_bBC
_cLIBRO
_d-42157
_eLIBRO
_h56659
_i18027
_si
_t1230.00
999 _c12982
_d12982